MARC details
| 000 -CABECERA |
| campo de control de longitud fija |
02864nam a2200361 a 4500 |
| 001 - NÚMERO DE CONTROL |
| campo de control |
Z_3706 |
| 003 - IDENTIFICADOR DEL NÚMERO DE CONTROL |
| campo de control |
CHAP |
| 005 - FECHA Y HORA DE LA ÚLTIMA TRANSACCIÓN |
| campo de control |
20240917144349.0 |
| 007 - CAMPO FIJO DE DESCRIPCIÓN FÍSICA--INFORMACIÓN GENERAL |
| campo de control de longitud fija |
ta |
| 008 - DATOS DE LONGITUD FIJA--INFORMACIÓN GENERAL |
| campo de control de longitud fija |
220113s1981 mx a frf 001 0 spa d |
| 010 ## - NÚMERO DE CONTROL DE LA BIBLIOTECA DEL CONGRESO |
| Número de control de LC |
166787 |
| 040 ## - FUENTE DE LA CATALOGACIÓN |
| Centro catalogador/agencia de origen |
Z |
| Centro/agencia transcriptor |
CHAP |
| 041 0# - CÓDIGO DE LENGUA |
| Código de lengua del sumario o resumen |
Español |
| Código de lengua de la tabla de contenido |
Español |
| 082 00 - NÚMERO DE LA CLASIFICACIÓN DECIMAL DEWEY |
| Número de clasificación |
591.1 |
| Número de documento/Ítem |
S25 1981 |
| Número de edición |
20 |
| 100 1# - ENTRADA PRINCIPAL--NOMBRE DE PERSONA |
| Nombre de persona |
Salazar Bustos, Ma. del Socorro |
| 9 (RLIN) |
140910 |
| Término indicativo de función/relación |
autor |
| 245 10 - MENCIÓN DE TÍTULO |
| Título |
Manual de prácticas de laboratorio: |
| Resto del título |
fisiología animal de los sistemas / |
| Mención de responsabilidad, etc. |
Ma. del Socorro Salazar Bustos |
| 264 #1 - PRODUCCIÓN, PUBLICACIÓN, DISTRIBUCIÓN, FABRICACIÓN Y COPYRIGHT |
| Producción, publicación, distribución, fabricación y copyright |
Chapingo, Estado de México : |
| Nombre del de productor, editor, distribuidor, fabricante |
UACh. Departamento de Zootecnia, |
| Fecha de producción, publicación, distribución, fabricación o copyright |
[1981] |
| 300 ## - DESCRIPCIÓN FÍSICA |
| Extensión |
180 hojas: |
| Otras características físicas |
ilustraciones, tablas, diagramas |
| 336 ## - TIPO DE CONTENIDO |
| Fuente |
rdacontent |
| Término de tipo de contenido |
texto |
| Código de tipo de contenido |
txt |
| 337 ## - TIPO DE MEDIO |
| Fuente |
rdamedia |
| Nombre/término del tipo de medio |
sin medio |
| Código del tipo de medio |
n |
| 338 ## - TIPO DE SOPORTE |
| Fuente |
rdacarrier |
| Nombre/término del tipo de soporte |
volumen |
| Código del tipo de soporte |
nc |
| 500 ## - NOTA GENERAL |
| Nota general |
ej.1 - ej.2: S/N |
| 504 ## - NOTA DE BIBLIOGRAFÍA, ETC. |
| Nota de bibliografía, etc. |
Incluye bibliografía |
| 505 00 - NOTA DE CONTENIDO CON FORMATO |
| Información miscelánea |
I. Prólogo -- II. Objetivos generales -- III. Experimentos -- 1. Técnicas del registro gráfico I -- 2. Técnicas del registro gráfico II -- 3. La construcción del músculo esquelético -- 4. Actividades reflejo -- 5 y 6. Ciclo estral en la cabra -- 7. Propiedades del músculo liso: útero e intestino -- 8. Células de la sangre I -- 9. Células de la sangre II -- 10. Tipos sanguíneos ABO y Factor RH -- 11. Ciclo cardíaco de la tortuga -- 12. Influencias químicas sobre la actividad del miocardio -- 13. Electrocardiografía -- 14. Mecánica respiratoria. |
| 520 ## - SUMARIO, ETC. |
| Sumario, etc. |
En la explotación de especies de interés zootécnico es necesario conocer sus ciclos reproductivos, su patrón de comportamiento, el metabolismo intermedio de los nutrientes, las especies forrajeras de mayor utilidad, los procesos de fermentación ruminal, las mejore genética de estas especies, el control de sanidad etc. Todo esto, implica una serie de conocimientos previos para la comprensión de los fenómenos fisiológicos que se llevan a cabo en un organismo animal, objetivos propios de la fisiología, y para obtener un incremento en la producción , se requieren de dietas propias, de sincronización de celos, de fertilidad artificial, de un manejo adecuado de los animales, etc. fin último de la explotación pecuaria. Por ello en este curso de fisiología animal de los sistemas, pretendemos iniciar al estudiante en el conocimiento de cómo funcionan cada uno de los órganos, cómo se relacionan, cómo se coordinan y qué factores ambientales influyen en su funcionamiento, a través de prácticas demostrativas en e laboratorio con animales de experimentación, cuyos resultados servirán en el análisis y en las conclusiones de estos fenómenos fisiológicos. |
| 650 13 - PUNTO DE ACCESO ADICIONAL DE MATERIA--TÉRMINO DE MATERIA |
| Término de materia o nombre geográfico como elemento de entrada |
Fisiología animal |
| Subdivisión general |
Técnica |
| 9 (RLIN) |
41131 |
| 650 13 - PUNTO DE ACCESO ADICIONAL DE MATERIA--TÉRMINO DE MATERIA |
| Término de materia o nombre geográfico como elemento de entrada |
Fisiología animal |
| Subdivisión general |
Manuales de laboratorio |
| 9 (RLIN) |
41132 |
| 942 ## - ELEMENTOS DE PUNTO DE ACCESO ADICIONAL (KOHA) |
| Tipo de ítem Koha |
Libro |
| Fuente del sistema de clasificación o colocación |
Dewey Decimal Classification |
| 942 ## - ELEMENTOS DE PUNTO DE ACCESO ADICIONAL (KOHA) |
| Tipo de ítem Koha |
Libro |
| Fuente del sistema de clasificación o colocación |
Dewey Decimal Classification |
| 901 ## - ELEMENTOS DE DATOS A LOCAL LDA (RLIN) |
| a |
591.1 S25 1981 |
| 902 ## - ELEMENTOS DE DATOS B LOCAL, LDB (RLIN) |
| a |
M |
| 910 ## - DATOS DE OPCIÓN DEL USUARIO (OCLC) |
| Datos de opción del usuario |
1981 |